LEADER 01085nam0-2200349---450- 001 990009892750403321 005 20140905121203.0 035 $a000989275 035 $aFED01000989275 035 $a(Aleph)000989275FED01 035 $a000989275 100 $a20140905d2013----km-y0itay50------ba 101 0 $aita 102 $aIT 105 $a--------001yy 200 1 $aLavoro, mercato, istituzioni$escritti in onore di Gian Primo Cella$fa cura di Lorenzo Bordogna, Roberto Pedersini, Giancarlo Provasi 210 $aMilano$cFrancoAngeli$d2013 215 $a630 p.$d20 cm 610 0 $aLavoro$aAspetti sociali$aAspetti economici 610 0 $aCella, Gian Primo$aScritti in onore di 676 $a331$v22$zita 676 $a306.36$v22$zita 700 1$aBordogna,$bLorenzo$f<1949- >$0375883 701 1$aPedersini,$bRoberto$0523603 702 1$aProvasi,$bGiancarlo 801 0$aIT$bUNINA$gRICA$2UNIMARC 901 $aBK 912 $a990009892750403321 952 $a33 BOR 1$b6435$fBFS 959 $aBFS 996 $aLavoro, mercato, istituzioni$9829599 997 $aUNINA LEADER 00804nam0-22003011i-450- 001 990001866320403321 005 20021010 035 $a000186632 035 $aFED01000186632 035 $a(Aleph)000186632FED01 035 $a000186632 100 $a20021010d--------km-y0itay50------ba 101 0 $aita 200 1 $aSull' innesto del nocciuolo$fMarzio Cozzolino. 210 $aAvellino$c...$d1914. 215 $a7 p.$d25 cm 300 $aEstr. da: L' Irpinia agricola, n. 11,1914 610 0 $aCorylus 676 $a634.54 700 1$aCozzolino,$bMarzio$0356097 801 0$aIT$bUNINA$gRICA$2UNIMARC 901 $aBK 912 $a990001866320403321 952 $a60 MISC. B 135/23$b$fFAGBC 959 $aFAGBC 996 $aSull' innesto del nocciuolo$9401204 997 $aUNINA DB $aING01